<?xml version="1.0" encoding="UTF-8"?>
<record
    xmlns:xsi="http://www.w3.org/2001/XMLSchema-instance"
    xsi:schemaLocation="http://www.loc.gov/MARC21/slim http://www.loc.gov/standards/marcxml/schema/MARC21slim.xsd"
    xmlns="http://www.loc.gov/MARC21/slim">

  <leader>007550000a22001930004500</leader>
  <datafield tag="090" ind1=" " ind2=" ">
    <subfield code="a">Seriadas</subfield>
  </datafield>
  <datafield tag="245" ind1="1" ind2="0">
    <subfield code="a">Variaci&#xF3;n morfom&#xE9;trica en poblaciones naturalizadas y domesticadas de la tilapia del Nilo Oreochromis Niloticus (Teleostei: Cichlidae) en el norte de Colombia</subfield>
  </datafield>
  <datafield tag="044" ind1=" " ind2=" ">
    <subfield code="a">Colombia</subfield>
  </datafield>
  <datafield tag="041" ind1="0" ind2=" ">
    <subfield code="a">Espa&#xF1;ol</subfield>
  </datafield>
  <datafield tag="690" ind1=" " ind2=" ">
    <subfield code="a">Variaci&#xF3;n ecol&#xF3;gica</subfield>
    <subfield code="9">97053</subfield>
  </datafield>
  <datafield tag="690" ind1=" " ind2=" ">
    <subfield code="a">Especies ex&#xF3;ticas</subfield>
    <subfield code="9">93187</subfield>
  </datafield>
  <datafield tag="690" ind1=" " ind2=" ">
    <subfield code="a">Morfometr&#xED;a animal</subfield>
    <subfield code="9">95249</subfield>
  </datafield>
  <datafield tag="651" ind1=" " ind2="4">
    <subfield code="p">Colombia</subfield>
    <subfield code="l">Regi&#xF3;n Caribe</subfield>
    <subfield code="9">92749</subfield>
  </datafield>
  <datafield tag="700" ind1="1" ind2=" ">
    <subfield code="a">Acero P., Arturo</subfield>
    <subfield code="9">7522</subfield>
  </datafield>
  <datafield tag="700" ind1="1" ind2=" ">
    <subfield code="a">Blanco R., Jacobo</subfield>
    <subfield code="9">100597</subfield>
  </datafield>
  <datafield tag="100" ind1="1" ind2=" ">
    <subfield code="a">Narv&#xE1;ez B., Juan Carlos</subfield>
    <subfield code="9">60900</subfield>
  </datafield>
  <datafield tag="942" ind1=" " ind2=" ">
    <subfield code="c">ARTICULO</subfield>
  </datafield>
  <datafield tag="773" ind1="1" ind2=" ">
    <subfield code="t">Revista de la Academia Colombiana de ciencias exactas, f&#xED;sicas y naturales</subfield>
    <subfield code="h">112</subfield>
    <subfield code="q">383-394</subfield>
    <subfield code="d">2005</subfield>
    <subfield code="g">29</subfield>
  </datafield>
  <datafield tag="999" ind1=" " ind2=" ">
    <subfield code="c">16325</subfield>
    <subfield code="d">16325</subfield>
  </datafield>
</record>
